Total quality control: engineering and management
Guardat en:
| Autor principal: | |
|---|---|
| Format: | Llibre |
| Idioma: | anglès |
| Publicat: |
Nueva York
McGraw-Hill
1961
|
| Matèries: | |
| Etiquetes: |
Afegir etiqueta
Sense etiquetes, Sigues el primer a etiquetar aquest registre!
|
MARC
| LEADER | 00000nam a2200000 a 4500 | ||
|---|---|---|---|
| 001 | UCU6995 | ||
| 003 | CL-VaPUC | ||
| 008 | 960628e19610000US |||||||||||||||||eng|d | ||
| 082 | 0 | 4 | |a 658.562 |b FEI |2 21 |
| 100 | 0 | |a Feigenbaum, Armand Vallin |e author |9 365441 | |
| 245 | 1 | 0 | |a Total quality control: engineering and management |
| 246 | 1 | 4 | |a The technical and managerial field for improving product quality, including its reliability, and for reducing operating costs and losses |
| 300 | |a 627 p | ||
| 942 | |c BK | ||
| 945 | |d 19960628 00:00:00 |a cmena | ||
| 260 | |a Nueva York |b McGraw-Hill |c 1961 | ||
| 650 | 0 | |a Control de calidad |9 259714 | |
| 650 | 0 | |a Gestión de la producción |9 259467 | |
| 650 | 0 | |a Investigación operativa |9 259383 | |
| 650 | 0 | |a Optimización |9 339671 | |
| 650 | 7 | |a RENDIMIENTO |2 CL-VaPUC |9 260872 | |
| 650 | 0 | |a Ingeniería industrial |9 260973 | |
| 650 | 0 | |a Normalización |9 262666 | |
| 650 | 7 | |a CONTROL DE CALIDAD EN EL PROCESO |2 CL-VaPUC |9 365442 | |
| 583 | |a last modification |c 19960628 00:00:00 |k Rodrigo Vera | ||
| 999 | |c 249718 |d 249716 | ||
| 952 | |0 0 |1 0 |4 0 |6 658_562000000000000_FEI_1961 |7 0 |8 A |9 267189 |a BIBING |b BIBING |d 2019-11-19 |i 1696491 |o 658.562 FEI 1961 |p 1696491 |r 2025-01-20 |w 2019-11-19 |y BK |k ING | ||